Statistics for Cobra Kai Cast

Click here to take the quiz!

General Stats

  • This quiz has been taken 101 times
  • The average score is 12 of 15

Answer Stats

HintAnswer% Correct
William ZabkaJohnny Lawrence
99%
Ralph MacchioDaniel LaRusso
96%
Xolo MaridueñaMiguel Diaz
95%
Mary MouserSamantha LaRusso
95%
Peyton ListTory Nichols
94%
Tanner BuchananRobby Keene
91%
Courtney HenggelerAmanda LaRusso
87%
Jacob BertrandHawk(Eli)
87%
Martin KoveJohn Kreese
80%
Nicole BrownAisha Robinson
76%
Hannah KeppleMoon
76%
Elizabeth ShueAli Mills
57%
Annalisa CochraneYasmine
57%
Gianni DeCenzoDimitri
56%
Pat MoritaMr. Miyagi
56%

Score Distribution

Percentile by Number Answered

Percent of People with Each Score

Your Score History

You have not taken this quiz